header

Religion, gender, and culture in the pre-modern world (Record no. 237996)

MARC details
000 -LEADER
fixed length control field 01325nam a2200337Ia 4500
082 04 - DEWEY DECIMAL CLASSIFICATION NUMBER
Classification number 306.7089
245 00 - TITLE STATEMENT
Title Religion, gender, and culture in the pre-modern world
260 ## - PUBLICATION, DISTRIBUTION, ETC. (IMPRINT)
Place of publication Basingstoke :
Name of publisher Palgrave Macmillan,
Year of publication 2007.
300 ## - PHYSICAL DESCRIPTION
Number of Pages vi, 287 p. :
Other physical details ill.
650 #0 - SUBJECT ADDED ENTRY--TOPICAL TERM
Topical Term Gender identity
Topical Term Sex differences
Topical Term Anthropology of religion.
Topical Term Ethnic relations
700 1# - ADDED ENTRY--PERSONAL NAME
Personal name Cuffel, Alexandra.
Personal name Britt, Brian M.,
856 40 - ELECTRONIC LOCATION AND ACCESS
Uniform Resource Identifier http://site.ebrary.com/lib/rucke/Doc?id=10175741

No items available.

© 2026 Rongo University
Contact us: librarian | system librarian | Rongo university